<?xml version="1.0" encoding="UTF-8"?><?xml-stylesheet type="text/xsl" href="static/style.xsl"?><OAI-PMH xmlns="http://www.openarchives.org/OAI/2.0/" xmlns:xsi="http://www.w3.org/2001/XMLSchema-instance" xsi:schemaLocation="http://www.openarchives.org/OAI/2.0/ http://www.openarchives.org/OAI/2.0/OAI-PMH.xsd"><responseDate>2026-04-17T02:47:53Z</responseDate><request verb="GetRecord" identifier="oai:www.recercat.cat:2117/446255" metadataPrefix="marc">https://recercat.cat/oai/request</request><GetRecord><record><header><identifier>oai:recercat.cat:2117/446255</identifier><datestamp>2026-02-07T07:26:12Z</datestamp><setSpec>com_2072_1033</setSpec><setSpec>col_2072_452950</setSpec></header><metadata><record xmlns="http://www.loc.gov/MARC21/slim" xmlns:dcterms="http://purl.org/dc/terms/" xmlns:xsi="http://www.w3.org/2001/XMLSchema-instance" xmlns:doc="http://www.lyncode.com/xoai" xsi:schemaLocation="http://www.loc.gov/MARC21/slim http://www.loc.gov/standards/marcxml/schema/MARC21slim.xsd">
   <leader>00925njm 22002777a 4500</leader>
   <datafield ind2=" " ind1=" " tag="042">
      <subfield code="a">dc</subfield>
   </datafield>
   <datafield ind2=" " ind1=" " tag="720">
      <subfield code="a">Romagosa Pérez, Júlia</subfield>
      <subfield code="e">author</subfield>
   </datafield>
   <datafield ind2=" " ind1=" " tag="720">
      <subfield code="a">Mata Miquel, Cristian</subfield>
      <subfield code="e">author</subfield>
   </datafield>
   <datafield ind2=" " ind1=" " tag="720">
      <subfield code="a">Benítez, Raúl</subfield>
      <subfield code="e">author</subfield>
   </datafield>
   <datafield ind2=" " ind1=" " tag="720">
      <subfield code="a">Valls Esteve, Arnau</subfield>
      <subfield code="e">author</subfield>
   </datafield>
   <datafield ind2=" " ind1=" " tag="720">
      <subfield code="a">Bernaus, Sandra</subfield>
      <subfield code="e">author</subfield>
   </datafield>
   <datafield ind2=" " ind1=" " tag="720">
      <subfield code="a">Ibnoulkhatib, Maria</subfield>
      <subfield code="e">author</subfield>
   </datafield>
   <datafield ind2=" " ind1=" " tag="720">
      <subfield code="a">Stephan-Otto, Christian</subfield>
      <subfield code="e">author</subfield>
   </datafield>
   <datafield ind2=" " ind1=" " tag="720">
      <subfield code="a">Munuera del Cerro, Josep</subfield>
      <subfield code="e">author</subfield>
   </datafield>
   <datafield ind2=" " ind1=" " tag="260">
      <subfield code="c">2025-10-20</subfield>
   </datafield>
   <datafield ind2=" " ind1=" " tag="520">
      <subfield code="a">Purpose&#xd;
&#xd;
The study investigates the usefulness of Convolutional Neural Networks (CNNs) in accurately detecting arteriovenous malformations in pediatric medical imaging, particularly using arterial spin labeling sequences. It also aims to offer diagnostic explanations comparable to expert analysis.&#xd;
Methods&#xd;
&#xd;
The research analyzed three different CNN architectures to determine their performance in detecting arteriovenous malformations. The study focused on evaluating the relationship between model complexity and performance increase, using data to assess the accuracy and diagnostic usefulness of each model.&#xd;
Results&#xd;
&#xd;
The findings indicated a nonlinear link between model complexity and performance. Sur- prisingly, more complex models frequently produced poor results and diagnostically useless answers. The simplest CNN models achieved the highest accuracy rate (90%), demonstrating the effectiveness of minimal complexity in model construction. Heat maps showed a strong association with the real locations of irregularities, indicating that the models were interpretable.&#xd;
Conclusion&#xd;
&#xd;
The study highlights the usefulness of CNNs in medical diagnostics, emphasizing the importance of model simplicity and interpretability in clinical applications. It suggests a need for balancing technical sophistication with clinical value and presents options for future research into refining CNN structures for increased diagnostic precision in various medical imaging modalities.</subfield>
   </datafield>
   <datafield ind2=" " ind1=" " tag="520">
      <subfield code="a">Peer Reviewed</subfield>
   </datafield>
   <datafield ind2=" " ind1=" " tag="520">
      <subfield code="a">Postprint (author's final draft)</subfield>
   </datafield>
   <datafield tag="653" ind2=" " ind1=" ">
      <subfield code="a">Àrees temàtiques de la UPC::Enginyeria biomèdica</subfield>
   </datafield>
   <datafield tag="653" ind2=" " ind1=" ">
      <subfield code="a">Medical informatics</subfield>
   </datafield>
   <datafield tag="653" ind2=" " ind1=" ">
      <subfield code="a">Medicina--Informàtica</subfield>
   </datafield>
   <datafield ind2="0" ind1="0" tag="245">
      <subfield code="a">GradCAM as an explicability method to evaluate the performance of deep learning models in classifying pediatric arteriovenous malformations (AVM) in arterial spin labeling sequences (ASL)</subfield>
   </datafield>
</record></metadata></record></GetRecord></OAI-PMH>